[Event "Elit(Farsta-Orgryte)"]
[Site "?"]
[Date "2011.03.12"]
[Round "10"]
[White "Hjelm, Niclas"]
[Black "Frisk Kockum, Anton"]
[Result "0-1"]
[WhiteElo "2376"]
[BlackElo "2412"]
[PlyCount "74"]
[EventDate "2011.??.??"]

1. d4 Nf6 2. c4 e6 3. Nf3 Bb4+ 4. Nbd2 b6 5. e3 Bb7 6. Bd3 c5 7. dxc5 Bxc5 8.
O-O O-O 9. a3 a5 10. b3 d5 11. Bb2 Nc6 12. cxd5 Qxd5 13. Qb1 Qh5 14. Rd1 Rad8
15. Qc2 Kh8 16. Be2 Qh6 17. Nf1 Rc8 18. Rac1 Ne7 19. Qb1 Nf5 20. Nd4 Nh4 21. g3
Be4 22. Qa1 e5 23. gxh4 exd4 24. Bxd4 Qxh4 25. Ng3 Bb7 26. Bxc5 Rxc5 27. Rxc5
bxc5 28. Qe5 Ng4 29. Qxg7+ Kxg7 30. Nf5+ Kf6 31. Nxh4 Rg8 32. Kf1 Nxh2+ 33. Ke1
Rg1+ 34. Kd2 Rxd1+ 35. Bxd1 Kg5 36. Kc3 Kxh4 37. Kc4 Ng4 0-1

[Event "Elit(Farsta-Orgryte)"]
[Site "?"]
[Date "2011.03.12"]
[Round "10"]
[White "Virolainen, Victor"]
[Black "Svensk, Ingemar"]
[Result "1-0"]
[WhiteElo "2161"]
[BlackElo "2267"]
[PlyCount "93"]

1. d4 d5 2. Nf3 Nf6 3. c4 dxc4 4. e3 e6 5. Bxc4 a6 6. O-O c5 7. Bb3 Nc6 8. Nc3
Qc7 9. Qe2 Bd6 10. Bd2 O-O 11. h3 b6 12. dxc5 Bxc5 13. Rac1 Bb7 14. Na4 Be7 15.
e4 Nd7 16. Be3 b5 17. Nc3 Rfc8 18. Rfd1 Nf6 19. Ng5 Re8 20. f4 b4 21. Nxe6 fxe6
22. Bxe6+ Kh8 23. Nd5 Qa5 24. Bb6 Qb5 25. Qxb5 axb5 26. Nc7 Bd8 27. Nxa8 Bxa8
28. Rxc6 Bxc6 29. Rxd8 Rxd8 30. Bxd8 Bxe4 31. Bxf6 gxf6 32. g4 Kg7 33. Kf2 h5
34. g5 h4 35. Bd7 fxg5 36. fxg5 Bb1 37. Ke3 Bxa2 38. Bxb5 Kg6 39. Kf4 Be6 40.
Bd3+ Kh5 41. Be2+ Kg6 42. Bg4 Bf7 43. Bf5+ Kh5 44. Bd7 b3 45. Bg4+ Kg6 46. Bf5+
Kh5 47. Bd7 1-0

[Event "Elit(Farsta-Orgryte)"]
[Site "?"]
[Date "2011.03.12"]
[Round "10"]
[White "von Bahr, Oskar"]
[Black "Zackrisson, Mattias"]
[Result "1/2-1/2"]
[WhiteElo "2359"]
[BlackElo "2200"]
[PlyCount "79"]

1. e4 e5 2. Nf3 Nc6 3. Bb5 a6 4. Ba4 Nf6 5. O-O Be7 6. Re1 b5 7. Bb3 d6 8. c3
O-O 9. h3 Na5 10. Bc2 c5 11. d4 Qc7 12. d5 c4 13. Nbd2 Nb7 14. Nf1 a5 15. Ng3
g6 16. Bh6 Re8 17. Qd2 Kh8 18. a4 Ng8 19. Be3 Bd7 20. axb5 Nc5 21. Nh2 Bxb5 22.
Ra3 a4 23. Bxc5 Qxc5 24. Rea1 Ra5 25. Bxa4 Rea8 26. Bxb5 Rxa3 27. bxa3 Qxb5 28.
Nf3 Nf6 29. Qc2 Ra4 30. Nd2 Nd7 31. Rb1 Qa6 32. Rb4 Rxa3 33. Nxc4 Ra1+ 34. Kh2
Ra2 35. Rb2 Rxb2 36. Nxb2 Nc5 37. Ne2 Bd8 38. g3 Qa1 39. Kg2 Nxe4 40. Qxe4
1/2-1/2

[Event "Elit(Farsta-Orgryte)"]
[Site "?"]
[Date "2011.03.12"]
[Round "10"]
[White "Goransson, Michael"]
[Black "Wieweg, Johnny"]
[Result "1-0"]
[WhiteElo "1838"]
[BlackElo "2204"]
[PlyCount "114"]

1. d4 Nf6 2. Nf3 g6 3. Bg5 Bg7 4. Nbd2 d5 5. e3 O-O 6. Bd3 c5 7. c3 Nbd7 8. O-O
b6 9. Qe2 Bb7 10. a4 Ne4 11. Bf4 Nxd2 12. Qxd2 f6 13. Qe2 e5 14. dxe5 fxe5 15.
Bg5 Qe8 16. e4 d4 17. Nd2 h6 18. Bh4 Kh8 19. Rfe1 g5 20. Bg3 Qg6 21. Bb5 Bc6
22. Nc4 a6 23. Bxc6 Qxc6 24. cxd4 cxd4 25. h4 gxh4 26. Bxh4 Rac8 27. b3 Nc5 28.
Qh5 Qe6 29. Bg3 Rfe8 30. a5 Nxb3 31. Nxb6 Nxa1 32. Nxc8 Nc2 33. Nd6 Rf8 34. Rc1
Qxd6 35. Rxc2 d3 36. Rd2 Qd4 37. Qd1 Rd8 38. Qf3 Qc3 39. Rd1 Qc2 40. Bh4 Rd6
41. Be7 Rd7 42. Bb4 Rd4 43. Be7 Rd7 44. Bb4 Rb7 45. Rxd3 Qc8 46. Bd2 Qe6 47.
Rd5 Rf7 48. Qd3 Bf8 49. Be3 Kh7 50. Bb6 Rg7 51. Qf3 Rf7 52. Qg3 Bd6 53. Qd3 Bb4
54. Qxa6 Qc6 55. Qe2 Qc1+ 56. Kh2 Rf4 57. Qh5 Rf7 1-0

[Event "Elit(Farsta-Orgryte)"]
[Site "?"]
[Date "2011.03.12"]
[Round "10"]
[White "Lissang, Christopher"]
[Black "Eksmyr, Johan"]
[Result "1-0"]
[WhiteElo "2283"]
[BlackElo "2179"]
[PlyCount "57"]

1. d4 Nf6 2. Nf3 g6 3. c4 Bg7 4. Nc3 d5 5. e3 O-O 6. b4 a5 7. b5 c5 8. dxc5 Ne4
9. Nxe4 Bxa1 10. cxd5 f5 11. Ned2 Nd7 12. Bc4 Bg7 13. Ba3 Kh8 14. h4 h6 15. Nb3
Qc7 16. Qe2 a4 17. b6 Qd8 18. Nbd4 Nf6 19. c6 Qxb6 20. Bxe7 Re8 21. d6 Qb1+ 22.
Qd1 Qb4+ 23. Nd2 Ne4 24. d7 Qxe7 25. dxe8=Q+ Qxe8 26. Nb5 Qxc6 27. Nxe4 Qxc4
28. Qd8+ Kh7 29. Ng5+ 1-0

[Event "Elit(Rockaden-Eksjo)"]
[Site "?"]
[Date "2011.03.12"]
[Round "10"]
[White "Nielsen, Peter Heine"]
[Black "Cicak, Slavko"]
[Result "1-0"]
[WhiteElo "2720"]
[BlackElo "2574"]
[PlyCount "75"]

1. d4 g6 2. c4 Bg7 3. Nf3 c5 4. e4 Qa5+ 5. Nc3 d6 6. d5 Bxc3+ 7. bxc3 Nf6 8.
Qc2 Nxe4 9. Bd3 Nf6 10. O-O Bg4 11. Nh4 Rg8 12. Bg5 Nbd7 13. h3 Bf5 14. Bxf5
gxf5 15. Bxf6 Nxf6 16. Nxf5 Rg6 17. Rae1 Ng8 18. Re3 Kf8 19. Rfe1 Re8 20. Qe2
Qc7 21. Qh5 Qd7 22. Nh4 Rg7 23. Qf3 b5 24. cxb5 Qxb5 25. Qf4 c4 26. Nf5 Rg6 27.
Nd4 Qxd5 28. Ne6+ Rxe6 29. Rxe6 Qc5 30. R1e3 Qd5 31. R6e4 e5 32. Qh4 Qe6 33.
Rxc4 Ne7 34. Rf3 Ng6 35. Qh6+ Kg8 36. Rc7 Re7 37. Rxe7 Qxe7 38. c4 1-0

[Event "Elit(Rockaden-Eksjo)"]
[Site "?"]
[Date "2011.03.12"]
[Round "10"]
[White "Ornstein, Axel"]
[Black "Barkhagen, Jonas"]
[Result "1-0"]
[WhiteElo "2415"]
[BlackElo "2518"]
[PlyCount "82"]

1. e4 c5 2. Nf3 d6 3. d4 cxd4 4. Nxd4 Nf6 5. Nc3 Nc6 6. f4 Nxd4 7. Qxd4 g6 8.
e5 dxe5 9. Qxd8+ Kxd8 10. fxe5 Ng4 11. Bf4 Be6 12. h3 Bh6 13. Bxh6 Nxh6 14.
O-O-O+ Kc7 15. g4 Rad8 16. Bg2 Rhe8 17. Bd5 Bd7 18. Ne4 Rf8 19. Ng5 f5 20. exf6
Rxf6 21. Nxh7 Rd6 22. Ng5 Bc6 23. Bxc6 Rxd1+ 24. Rxd1 Rxd1+ 25. Kxd1 Kxc6 26.
Ke2 Kd5 27. Ke3 Ng8 28. Nf7 Nf6 29. c4+ Kxc4 30. Ne5+ Kd5 31. Nxg6 e5 32. Ne7+
Ke6 33. Nf5 b5 34. Ng7+ Kf7 35. Nh5 Nd5+ 36. Ke4 Ke6 37. Ng7+ Kd6 38. h4 a5 39.
g5 b4 40. h5 a4 41. h6 Nc3+ 1-0

[Event "Elit(Rockaden-Eksjo)"]
[Site "?"]
[Date "2011.03.12"]
[Round "10"]
[White "Hermansson, Emil"]
[Black "Malesevic, Nedeljko"]
[Result "1-0"]
[WhiteElo "2450"]
[BlackElo "2395"]
[PlyCount "75"]

1. e4 c6 2. d4 d5 3. Nd2 g6 4. Ngf3 Bg7 5. h3 Nh6 6. Bd3 O-O 7. O-O dxe4 8.
Nxe4 Nf5 9. c3 Nd7 10. Bf4 Nf6 11. Re1 Nxe4 12. Bxe4 Nd6 13. Bc2 b6 14. Qe2 e6
15. Rad1 a5 16. Ne5 Bb7 17. h4 Qxh4 18. Nxg6 hxg6 19. Bxd6 Rfe8 20. Bc7 b5 21.
Rd3 Qe7 22. Be5 Qf8 23. Rg3 Bxe5 24. Qxe5 Qg7 25. Qc7 f5 26. Qb6 a4 27. b3 Ra6
28. Qc5 axb3 29. Bxb3 Bc8 30. c4 Bd7 31. Qd6 Bc8 32. cxb5 cxb5 33. Rxe6 Bxe6
34. Qxa6 Kf7 35. Re3 Qf6 36. g3 Re7 37. d5 Bc8 38. d6+ 1-0

[Event "Elit(Rockaden-Eksjo)"]
[Site "?"]
[Date "2011.03.12"]
[Round "10"]
[White "Thornert, Hakan"]
[Black "Bator, Robert"]
[Result "1/2-1/2"]
[WhiteElo "2240"]
[BlackElo "2466"]
[PlyCount "132"]

1. e4 Nf6 2. e5 Nd5 3. d4 d6 4. Nf3 dxe5 5. Nxe5 c6 6. Bd3 Nd7 7. O-O Nxe5 8.
dxe5 Nb4 9. Be4 Qxd1 10. Rxd1 g6 11. c3 Na6 12. Be3 Bg7 13. f4 g5 14. g3 gxf4
15. gxf4 Nc7 16. Kf2 f6 17. Rg1 Kf7 18. Nd2 fxe5 19. fxe5 Bxe5 20. Nf3 Bf6 21.
Ng5+ Ke8 22. Nxh7 Bh4+ 23. Ke2 Be6 24. Bd4 Bc4+ 25. Kf3 Rg8 26. Rxg8+ Bxg8 27.
Kg4 Bxh7 28. Bxh7 Bf6 29. Bg6+ Kf8 30. Bxf6 exf6 31. Rd1 Nd5 32. Rd3 Kg7 33.
Be4 Re8 34. Bxd5 cxd5 35. Rxd5 Re2 36. Rd7+ Kg6 37. Rxb7 Rxh2 38. a4 a5 39. Rb5
Rg2+ 40. Kf4 Rh2 41. b4 axb4 42. cxb4 Rf2+ 43. Ke3 Ra2 44. a5 f5 45. Rb6+ Kg5
46. Rb8 f4+ 47. Kd4 f3 48. Rf8 Kg4 49. Kc5 Kg3 50. Kb6 Ra4 51. Kb5 Ra1 52. Kb6
Ra4 53. Kb5 Ra1 54. a6 f2 55. Kb6 Ra4 56. b5 Rf4 57. Rxf4 Kxf4 58. a7 f1=Q 59.
a8=Q Qg1+ 60. Ka6 Qa1+ 61. Kb7 Qh1+ 62. Kb8 Qh8+ 63. Ka7 Qa1+ 64. Kb7 Qh1+ 65.
Kb8 Qh8+ 66. Ka7 Qa1+ 1/2-1/2

[Event "Elit(Rockaden-Eksjo)"]
[Site "?"]
[Date "2011.03.12"]
[Round "10"]
[White "Engqvist, Thomas"]
[Black "Gustafsson, Fredrik"]
[Result "1-0"]
[WhiteElo "2454"]
[BlackElo "2151"]
[PlyCount "63"]

1. d4 Nf6 2. c4 g6 3. Nc3 d5 4. Bg5 Ne4 5. Bh4 Nxc3 6. bxc3 c5 7. cxd5 Qxd5 8.
e3 Nc6 9. Qf3 Qxf3 10. Nxf3 cxd4 11. cxd4 e6 12. Rb1 Be7 13. Bg3 Bb4+ 14. Nd2
Ke7 15. Bd3 Rd8 16. Ke2 e5 17. dxe5 Rxd3 18. Bh4+ Kf8 19. Kxd3 Bf5+ 20. e4
Nxe5+ 21. Ke2 Bxd2 22. exf5 Ba5 23. Rxb7 Rc8 24. Rhb1 Bb6 25. f6 Nc6 26. Kf1
Rd8 27. Re1 Kg8 28. Rd7 Rc8 29. Rc1 Rd8 30. Rxd8+ Nxd8 31. Bg3 h6 32. Bc7 1-0

[Event "Elit(Limhamn-Team Viking)"]
[Site "?"]
[Date "2011.03.12"]
[Round "10"]
[White "Agrest, Evgenij"]
[Black "Jepson, Christian"]
[Result "1-0"]
[WhiteElo "2705"]
[BlackElo "2473"]
[PlyCount "87"]

1. Nf3 f5 2. g3 Nf6 3. c4 g6 4. b4 Bg7 5. Bb2 d6 6. d4 e5 7. dxe5 Ng4 8. Bg2
Nc6 9. Bc3 Ncxe5 10. Nxe5 Bxe5 11. O-O O-O 12. Qd5+ Kg7 13. h3 c6 14. Qd3 Nf6
15. Nd2 Kg8 16. Rad1 Be6 17. b5 Qc7 18. bxc6 bxc6 19. Bb4 Rab8 20. Ba3 c5 21.
Nf3 Rfe8 22. Nxe5 dxe5 23. Qc3 Qf7 24. Rc1 Ne4 25. Qc2 Nd6 26. Bd5 Bxd5 27.
cxd5 Rec8 28. Qa4 Qxd5 29. Rfd1 Qe6 30. Rxc5 Nf7 31. Qd7 Qxd7 32. Rxd7 Rxc5 33.
Bxc5 a5 34. Ra7 Rb5 35. Ra8+ Kg7 36. Bf8+ Kf6 37. Ra6+ Kg5 38. h4+ Kg4 39. Kg2
e4 40. f3+ exf3+ 41. exf3+ Kh5 42. Ra7 Rb2+ 43. Kh3 g5 44. g4+ 1-0

[Event "Elit(Limhamn-Team Viking)"]
[Site "?"]
[Date "2011.03.12"]
[Round "10"]
[White "Brynell, Stellan"]
[Black "Berczes, David"]
[Result "0-1"]
[WhiteElo "2546"]
[BlackElo "2601"]
[PlyCount "116"]
[SourceDate "2011.03.18"]

1. d4 d5 2. c4 c6 3. Nf3 Nf6 4. Nc3 e6 5. Bg5 h6 6. Bxf6 Qxf6 7. g3 Nd7 8. Bg2
dxc4 9. O-O Bd6 10. Nd2 Nb6 11. e3 O-O 12. Nce4 Qe7 13. Nxd6 Qxd6 14. f4 Qb4
15. Qc2 c5 16. a3 Qb5 17. a4 Qb4 18. dxc5 Qxc5 19. Rfe1 Bd7 20. a5 Nd5 21. Qxc4
Rac8 22. Bxd5 exd5 23. Qxc5 Rxc5 24. Nf3 Rc2 25. b4 Bh3 26. Nd4 Rg2+ 27. Kh1
Re8 28. Rab1 Rd2 29. Kg1 Rg2+ 30. Kh1 Rd2 31. Kg1 g6 32. Nb3 Rg2+ 33. Kh1 Ra2
34. Kg1 Rg2+ 35. Kh1 Ra2 36. Kg1 Bf5 37. Rbd1 Ra3 38. Nd4 Bg4 39. Rd2 Raxe3 40.
Rxe3 Rxe3 41. Nb5 Rb3 42. Nxa7 Rxb4 43. Rxd5 Rb1+ 44. Kf2 Rb2+ 45. Kg1 Bh3 46.
Rb5 Rg2+ 47. Kf1 Rxg3+ 48. Kf2 Rg2+ 49. Ke3 Rxh2 50. Rxb7 Ra2 51. Rb5 h5 52.
Rc5 h4 53. Nc6 Bg2 54. Ne5 h3 55. Ng4 f5 56. Rc8+ Kg7 57. Rc7+ Kf8 58. Nh2 Be4
0-1

[Event "Elit(Limhamn-Team Viking)"]
[Site "?"]
[Date "2011.03.12"]
[Round "10"]
[White "Ivanov, Sergej"]
[Black "Ahlander, Bjorn"]
[Result "1-0"]
[WhiteElo "2611"]
[BlackElo "2500"]
[PlyCount "81"]

1. d4 Nf6 2. c4 e6 3. Nc3 Bb4 4. Qc2 O-O 5. a3 Bxc3+ 6. Qxc3 b6 7. Bg5 Bb7 8.
e3 d6 9. Ne2 Nbd7 10. Qc2 c5 11. Rd1 Qe7 12. Nc3 cxd4 13. Rxd4 Rfd8 14. Be2 h6
15. Bh4 e5 16. Rd1 Bxg2 17. Rg1 Bc6 18. Qf5 Kf8 19. f4 Nc5 20. Qh3 exf4 21.
exf4 Nce4 22. Qg2 g5 23. fxg5 hxg5 24. Bxg5 Nxg5 25. Qxg5 Qe5 26. Qh4 Ke7 27.
Rg5 Qe6 28. Rd3 Rh8 29. Qf4 Rh3 30. Rxh3 Qxh3 31. Rg3 Qh8 32. Re3+ Kd7 33. Rd3
Ne8 34. Qxf7+ Kd8 35. Re3 Qh4+ 36. Kd2 Rc8 37. Nd5 Bd7 38. b3 b5 39. Bh5 Qg5
40. h4 Qg2+ 41. Re2 1-0

[Event "Elit(Limhamn-Team Viking)"]
[Site "?"]
[Date "2011.03.12"]
[Round "10"]
[White "Penalver, Osmani"]
[Black "Lindberg, Bo"]
[Result "1/2-1/2"]
[WhiteElo "2327"]
[BlackElo "2449"]
[PlyCount "135"]

1. d4 f5 2. Nf3 Nf6 3. g3 g6 4. Bg2 Bg7 5. O-O O-O 6. b3 d6 7. Bb2 Ne4 8. Nfd2
d5 9. Nxe4 dxe4 10. Qd2 c5 11. c3 cxd4 12. cxd4 Nc6 13. Rd1 e5 14. d5 Nd4 15.
Nc3 Rf7 16. Kh1 Bd7 17. e3 Nb5 18. Na4 b6 19. d6 Qe8 20. Bf1 Rd8 21. Bc4 Be6
22. Qb4 Bxc4 23. bxc4 Nxd6 24. Rxd6 Rxd6 25. Qxd6 Qxa4 26. Qd8+ Rf8 27. Qd5+
Rf7 28. Qd8+ Bf8 29. Qd5 Qd7 30. Bxe5 Qxd5 31. cxd5 Bg7 32. Bxg7 Kxg7 33. a4
Rd7 34. a5 Rxd5 35. axb6 axb6 36. Ra7+ Kf6 37. Rxh7 Rd1+ 38. Kg2 Ke5 39. g4 Rd6
40. Kg3 Rc6 41. Re7+ Re6 42. Rd7 fxg4 43. Kxg4 Rf6 44. Kg3 Rd6 45. Re7+ Kd5 46.
Kf4 Rf6+ 47. Kg3 b5 48. Rd7+ Kc5 49. Re7 b4 50. Re5+ Kc4 51. Rxe4+ Kc3 52. Re8
b3 53. Rc8+ Kd2 54. Rb8 Kc2 55. f4 Rc6 56. Kg4 b2 57. e4 b1=Q 58. Rxb1 Kxb1 59.
f5 Kc2 60. Kg5 gxf5 61. exf5 Kd3 62. f6 Rc2 63. h4 Ke4 64. f7 Rf2 65. Kg6 Ke5
66. Kg7 Rg2+ 67. Kh7 Rf2 68. Kg7 1/2-1/2

[Event "Elit(Limhamn-Team Viking)"]
[Site "?"]
[Date "2011.03.12"]
[Round "10"]
[White "Johansson, Linus"]
[Black "Sagit, Rauan"]
[Result "0-1"]
[WhiteElo "2209"]
[BlackElo "2433"]
[PlyCount "198"]

1. d4 Nf6 2. c4 e6 3. Nc3 Bb4 4. e3 O-O 5. Bd3 d5 6. Nf3 c5 7. O-O Nc6 8. a3
Bxc3 9. bxc3 dxc4 10. Bxc4 Qc7 11. Qe2 e5 12. dxe5 Nxe5 13. Nxe5 Qxe5 14. Bb2
Ng4 15. g3 Qe7 16. Bd5 Be6 17. c4 f5 18. Rad1 Rad8 19. Qf3 b6 20. e4 Bxd5 21.
exd5 Nf6 22. Rfe1 Ne4 23. Qf4 Qd6 24. Be5 Qg6 25. Bc7 Rd7 26. f3 Ng5 27. Kg2
Rxc7 28. Qxc7 f4 29. Qd7 Qc2+ 30. Kh1 Nxf3 31. Qe6+ Kh8 32. Qe2 Nxe1 33. Rxe1
Qxe2 34. Rxe2 f3 35. Rf2 g5 36. h3 Kg7 37. d6 Rd8 38. Rxf3 Rxd6 39. Re3 Kf7 40.
Kg2 Rd2+ 41. Kf3 Rd4 42. Rc3 Kf6 43. a4 Rd1 44. a5 Rb1 45. axb6 axb6 46. Ke4
Ke6 47. Kf3 h5 48. Ke4 b5 49. cxb5 Rb4+ 50. Kf3 Rxb5 51. h4 gxh4 52. gxh4 Ke5
53. Ke3 Ra5 54. Rc4 Ra3+ 55. Kd2 Kd5 56. Rf4 Ke5 57. Rc4 Ra5 58. Ke3 Rb5 59.
Re4+ Kd5 60. Rf4 Rb3+ 61. Kd2 Ke5 62. Rc4 Rb5 63. Ke3 Kf5 64. Rf4+ Kg6 65. Rc4
Rb3+ 66. Kf2 Rb5 67. Ke3 Kf5 68. Rf4+ Ke6 69. Rc4 Kd6 70. Rf4 Rb3+ 71. Kd2 Rb4
72. Rf6+ Ke5 73. Rc6 Kd5 74. Rg6 Rxh4 75. Rg3 c4 76. Kc3 Rg4 77. Rf3 h4 78.
Rf5+ Ke4 79. Rf8 Rf4 80. Rh8 Kf3 81. Kd2 Re4 82. Rf8+ Kg3 83. Rg8+ Rg4 84. Ra8
h3 85. Ra3+ Kg2 86. Ra2 h2 87. Ke3+ Kh3 88. Ra1 Rg1 89. Ra8 h1=Q 90. Rh8+ Kg4
91. Rg8+ Kf5 92. Rf8+ Ke6 93. Re8+ Kd7 94. Rf8 Rg3+ 95. Kd4 Qd1+ 96. Ke4 Qd3+
97. Kf4 Rf3+ 98. Ke5 Qd6+ 99. Ke4 Rxf8 0-1

[Event "Elit(Vasteras-Manhem)"]
[Site "?"]
[Date "2011.03.12"]
[Round "10"]
[White "Nithander, Victor"]
[Black "Norberg, Johan"]
[Result "1-0"]
[WhiteElo "2494"]
[BlackElo "2370"]
[PlyCount "153"]

1. c4 e5 2. g3 Nc6 3. Bg2 g6 4. Nc3 Bg7 5. e4 Nge7 6. Nge2 O-O 7. d3 d6 8. O-O
Be6 9. Rb1 Qd7 10. b4 Bh3 11. b5 Bxg2 12. Kxg2 Nd8 13. Be3 Ne6 14. Qd2 c6 15.
bxc6 bxc6 16. d4 exd4 17. Nxd4 f5 18. exf5 Nxd4 19. Bxd4 Nxf5 20. Bxg7 Nh4+ 21.
Kh1 Nf3 22. Qh6 Qxg7 23. Qxg7+ Kxg7 24. Rb7+ Rf7 25. Rfb1 Ne5 26. Ne4 Nxc4 27.
Ng5 Rxb7 28. Rxb7+ Kg8 29. Nxh7 d5 30. Nf6+ Kf8 31. Rc7 Rd8 32. Rxc6 Ne5 33.
Rc5 Nd3 34. Rxd5 Rxd5 35. Nxd5 Nxf2+ 36. Kg2 Nd3 37. Kf3 Kf7 38. Ke3 Ne5 39.
Kf4 Ke6 40. Ne3 Nc6 41. Kg5 Kf7 42. Nc4 Kg7 43. g4 Nd4 44. Kf4 Kf6 45. h4 Ne2+
46. Ke3 Nc3 47. a3 Nd5+ 48. Kd4 Nf4 49. Ne3 Ne2+ 50. Kd3 Nc1+ 51. Ke4 Ne2 52.
Nd5+ Kf7 53. Kd3 Nc1+ 54. Ke4 Ne2 55. g5 Ng3+ 56. Ke5 Ne2 57. a4 Ng1 58. Ke4
Ne2 59. a5 Nc1 60. a6 Nb3 61. Ke5 Nd2 62. Kd6 Nf3 63. Kc6 Nxh4 64. Kb7 Ke6 65.
Kxa7 Kxd5 66. Kb6 Ke5 67. a7 Kf4 68. a8=Q Kxg5 69. Kc5 Kf4 70. Qa4+ Kg3 71.
Qb3+ Nf3 72. Kd5 g5 73. Ke4 g4 74. Qb8+ Kh3 75. Kf4 Nh2 76. Qb3+ Nf3 77. Qc3
1-0

[Event "Elit(Vasteras-Manhem)"]
[Site "?"]
[Date "2011.03.12"]
[Round "10"]
[White "Akesson, Ralf"]
[Black "Olausson, Claes-Goran"]
[Result "1-0"]
[WhiteElo "2448"]
[BlackElo "2368"]
[PlyCount "57"]

1. d4 e6 2. c4 f5 3. g3 Nf6 4. Bg2 Be7 5. Nf3 O-O 6. O-O d6 7. Nc3 Ne4 8. Bd2
Nxd2 9. Qxd2 g5 10. Rad1 Nd7 11. Qe3 Kg7 12. c5 g4 13. Ne1 Nf6 14. Nd3 Nh5 15.
f3 Bg5 16. f4 Bh6 17. Qf2 d5 18. Ne5 Nf6 19. h3 gxh3 20. Bxh3 Kh8 21. Qh2 Ng8
22. e3 Qe8 23. g4 fxg4 24. Bxg4 b6 25. c6 Ba6 26. Rf3 Rf6 27. Rh3 Qe7 28. Kh1
Bf8 29. Bxe6 1-0

[Event "Elit(Vasteras-Manhem)"]
[Site "?"]
[Date "2011.03.12"]
[Round "10"]
[White "Vas, Peter"]
[Black "Eriksson, Johan"]
[Result "1/2-1/2"]
[WhiteElo "2374"]
[BlackElo "2447"]
[PlyCount "71"]

1. e4 c5 2. Nf3 d6 3. d4 cxd4 4. Nxd4 Nf6 5. f3 e6 6. c4 Be7 7. Nc3 a6 8. Be3
O-O 9. Be2 Qc7 10. O-O b6 11. Qd2 Bb7 12. Rac1 Nbd7 13. Rfd1 Rac8 14. b4 Qb8
15. a3 Rfe8 16. Bf1 Bd8 17. Nb3 Bc7 18. Bf4 Ne5 19. Bxe5 dxe5 20. c5 Red8 21.
Qe1 bxc5 22. Nxc5 a5 23. Nb5 Rxd1 24. Qxd1 Rd8 25. Qe1 Bc6 26. Nxc7 Qxc7 27. b5
Be8 28. Na4 Qd6 29. Qxa5 Qxa3 30. Rc3 Qe7 31. Qc7 Rd7 32. Qc5 Qd8 33. Nb2 Rb7
34. Qxe5 h6 35. Qc5 Bxb5 36. Bxb5 1/2-1/2

[Event "Elit(Vasteras-Manhem)"]
[Site "?"]
[Date "2011.03.12"]
[Round "10"]
[White "Eriksson, Anders"]
[Black "Welin, Mats"]
[Result "1-0"]
[WhiteElo "2305"]
[BlackElo "2397"]
[PlyCount "61"]
[EventDate "2011.??.??"]

1. Nf3 Nf6 2. g3 d5 3. Bg2 c6 4. d4 Bf5 5. O-O e6 6. b3 Be7 7. Bb2 O-O 8. Nbd2
h6 9. c4 a5 10. Ne5 a4 11. Bc3 Na6 12. c5 axb3 13. axb3 Ne8 14. Ba5 Qc8 15. e4
dxe4 16. Ndc4 Bd8 17. Bxd8 Qxd8 18. Nb6 f6 19. Nec4 Rb8 20. Re1 e5 21. Bxe4 Be6
22. Bxc6 Nec7 23. Bf3 exd4 24. Ra5 Nb4 25. Qd2 Nc6 26. Raa1 Ne5 27. Nxe5 fxe5
28. Bg2 Qf6 29. b4 Nb5 30. f4 exf4 31. Rxe6 1-0

[Event "Elit(Vasteras-Manhem)"]
[Site "?"]
[Date "2011.03.12"]
[Round "10"]
[White "Hultin, Johan"]
[Black "Brustkern, Jurgen"]
[Result "1-0"]
[WhiteElo "2366"]
[BlackElo "2276"]
[PlyCount "79"]

1. d4 d5 2. Nf3 Nc6 3. Bf4 Bg4 4. e3 f6 5. Bb5 e6 6. Bg3 Bd6 7. c4 Nge7 8. cxd5
exd5 9. Nc3 h5 10. a3 h4 11. Bxd6 Qxd6 12. h3 Bh5 13. Na4 a6 14. Be2 Nd8 15.
Nc5 c6 16. Nd2 Bxe2 17. Qxe2 Kf7 18. b4 Nf5 19. O-O Qe7 20. Rfe1 g6 21. e4 dxe4
22. Qc4+ Kg7 23. Rxe4 Qf7 24. Qd3 b6 25. Na4 b5 26. Nc5 a5 27. Rae1 axb4 28.
axb4 Qd5 29. Rg4 Ra7 30. Nf3 Kf7 31. Ree4 Ra1+ 32. Kh2 Qd6+ 33. Ref4 Rh5 34.
Ne4 Qd5 35. Nxh4 Ne6 36. Nxg6 Nxf4 37. Nxf4 Qxd4 38. Qxd4 Nxd4 39. Nxh5 f5 40.
Nd6+ 1-0

[Event "Elit(Vasteras-Manhem)"]
[Site "?"]
[Date "2011.03.12"]
[Round "10"]
[White "Norberg, Erik"]
[Black "Kinnmark, Ove"]
[Result "1/2-1/2"]
[WhiteElo "2243"]
[BlackElo "2248"]
[PlyCount "147"]

1. g3 e5 2. Bg2 d5 3. d3 g6 4. Nf3 Bg7 5. O-O Ne7 6. Nbd2 O-O 7. e4 h6 8. c3 a5
9. exd5 Nxd5 10. d4 exd4 11. Nxd4 a4 12. Nc4 c6 13. Re1 Na6 14. Ne5 Nb6 15. Qf3
Nc7 16. h4 Ne6 17. Nc2 Ra5 18. Ng4 Kh7 19. Be3 Rb5 20. Rad1 Qc7 21. Bc1 h5 22.
Nge3 Re5 23. Nb4 Nc5 24. Qe2 Rfe8 25. Qf1 R5e7 26. Bh3 Bxh3 27. Qxh3 a3 28.
Nbc2 axb2 29. Bxb2 Nba4 30. Ba3 b6 31. Nd4 Nxc3 32. Rd2 Nd5 33. Nb5 Qb8 34.
Rxd5 cxd5 35. Rd1 d4 36. Nf1 Re1 37. Rd2 Qe5 38. Bb2 Qe6 39. Qg2 Qe4 40. Qh3
Qe6 41. Qg2 d3 42. Bxg7 Kxg7 43. Nc7 Qd7 44. Nxe8+ Qxe8 45. Kh2 Re2 46. Qd5 Qe6
47. Qd4+ Qf6 48. Qxf6+ Kxf6 49. Kg2 Ke5 50. Kf3 Rxd2 51. Nxd2 Kd4 52. Kf4 Ne6+
53. Kf3 Kc3 54. Ke3 Nc5 55. f3 Kc2 56. g4 Na4 57. gxh5 gxh5 58. Nb3 Nc5 59. Nd2
b5 60. Nf1 Ne6 61. Nd2 Nf4 62. Nb3 Ng2+ 63. Kf2 Nxh4 64. Nd4+ Kb2 65. Ke3 Kxa2
66. Nxb5 Kb3 67. Kxd3 Nxf3 68. Ke3 Ne5 69. Kf4 Ng6+ 70. Kg5 h4 71. Nd4+ Kc4 72.
Nf3 Kd3 73. Nxh4 Nxh4 74. Kf6 1/2-1/2

[Event "Elit(Vasteras-Manhem)"]
[Site "?"]
[Date "2011.03.12"]
[Round "10"]
[White "Akesson, Joel"]
[Black "Sandberg, Richard"]
[Result "1-0"]
[WhiteElo "2368"]
[BlackElo "2246"]
[PlyCount "101"]

1. c4 d6 2. g3 g6 3. Bg2 Bg7 4. Nc3 Nf6 5. d4 O-O 6. Nf3 Nbd7 7. O-O e5 8. e4
a6 9. h3 b5 10. dxe5 dxe5 11. Be3 Bb7 12. Nd2 c6 13. a3 Qe7 14. Qe2 Nc5 15.
Rfd1 Rfc8 16. b4 Ne6 17. Nb3 Nd7 18. c5 Rc7 19. a4 Rd8 20. axb5 axb5 21. Nd5
cxd5 22. exd5 Bxd5 23. Rxd5 Rb8 24. Ra5 Qe8 25. Rd6 Bf8 26. Rda6 Nf6 27. Bd2 e4
28. Bc3 Nd5 29. Bd2 f5 30. Bf1 e3 31. fxe3 Ng5 32. Bg2 Qe5 33. Be1 Bh6 34. Rxb5
Re8 35. c6 Nxh3+ 36. Kh2 Rd8 37. Raa5 Nhf4 38. gxf4 Bxf4+ 39. Kh1 Bxe3 40. Rxd5
Rxd5 41. Rxd5 Qf4 42. Qf3 Qh6+ 43. Qh3 Qxh3+ 44. Bxh3 Rxc6 45. Nc5 Kg7 46. Bd2
Bf2 47. Bf1 Bg3 48. Rd7+ Kf6 49. Rxh7 f4 50. Bg2 Rc8 51. Bc3+ 1-0

[Event "Elit(Solna-Kamraterna)"]
[Site "?"]
[Date "2011.03.12"]
[Round "10"]
[White "Hamark, Jesper"]
[Black "Lindberg, Bengt"]
[Result "0-1"]
[WhiteElo "2411"]
[BlackElo "2434"]
[PlyCount "64"]

1. c4 Nf6 2. g3 e6 3. Bg2 d5 4. Nf3 Be7 5. O-O O-O 6. b3 a5 7. Nc3 d4 8. Nb5
Nc6 9. Bb2 e5 10. e3 Bc5 11. exd4 exd4 12. Re1 d3 13. Bxf6 gxf6 14. Nh4 Ne5 15.
Qh5 Bg4 16. Qh6 c6 17. Be4 Ng6 18. h3 Bxh3 19. Nc3 Qd7 20. Kh2 f5 21. Bf3 Bg4
22. Bxg4 fxg4 23. Ne4 Be7 24. Ng5 Bxg5 25. Qxg5 Qd4 26. Kg2 f6 27. Qh5 Nxh4+
28. Qxh4 Rae8 29. Qh5 Re2 30. Rxe2 dxe2 31. Re1 Qe4+ 32. f3 Qxf3+ 0-1

[Event "Elit(Solna-Kamraterna)"]
[Site "?"]
[Date "2011.03.12"]
[Round "10"]
[White "Svensson, Bengt"]
[Black "Jonsson, Mikael"]
[Result "1/2-1/2"]
[WhiteElo "2479"]
[BlackElo "2342"]
[PlyCount "48"]

1. e4 e5 2. Nf3 Nc6 3. Nc3 Nf6 4. Bb5 Bb4 5. O-O O-O 6. d3 d6 7. Bg5 Bxc3 8.
bxc3 Qe7 9. Bxc6 bxc6 10. Nd2 h6 11. Bh4 Qe6 12. c4 Nd7 13. f3 Re8 14. Re1 Nf8
15. Bg3 Qf6 16. Nf1 Ng6 17. Qd2 a5 18. Rab1 Be6 19. Rb7 Qd8 20. a3 Bc8 21. Rb2
Be6 22. Rb7 Bc8 23. Rb2 Be6 24. Rb7 Bc8 1/2-1/2

[Event "Elit(Solna-Kamraterna)"]
[Site "?"]
[Date "2011.03.12"]
[Round "10"]
[White "Johansson, Gunnar"]
[Black "Aberg, Anton"]
[Result "1/2-1/2"]
[WhiteElo "2269"]
[BlackElo "2441"]
[PlyCount "46"]
[EventDate "2011.??.??"]

1. d4 Nf6 2. Nf3 g6 3. c4 c5 4. d5 b5 5. Nfd2 Bg7 6. e4 d6 7. cxb5 O-O 8. Nc3
a6 9. Be2 e6 10. O-O exd5 11. exd5 Bb7 12. bxa6 Nxa6 13. Nc4 Nb4 14. Bg5 h6 15.
Bh4 g5 16. Bg3 Nfxd5 17. Nxd5 Bxd5 18. Bxd6 Bxb2 19. Bxf8 Bxa1 20. Bxc5 Qc8 21.
Bxb4 Bxc4 22. Qxa1 Bxe2 23. Re1 Qg4 1/2-1/2